A quick fix for planning (Record no. 74034)

MARC details
000 -LEADER
fixed length control field 00336cam a2200133 4500
008 - FIXED-LENGTH DATA ELEMENTS--GENERAL INFORMATION
fixed length control field 040107n2003 000 0 eng u
035 ## - SYSTEM CONTROL NUMBER
System control number (Sirsi) u124743
100 ## - MAIN ENTRY--PERSONAL NAME
Personal name Waters, B.
245 #2 - TITLE STATEMENT
Title A quick fix for planning
260 ## - PUBLICATION, DISTRIBUTION, ETC.
Date of publication, distribution, etc. 2003
490 ## - SERIES STATEMENT
Series statement Architect's Journal
Volume/sequential designation 218(20) 27 November 2003, 84(1)
590 ## - LOCAL NOTE (RLIN)
Local note ABS
942 ## - ADDED ENTRY ELEMENTS (KOHA)
Suppress in OPAC 0

No items available.